MS Windows 3.0 : Příručka programátora. Část 2
Gespeichert in:
| Format: | Buch |
|---|---|
| Sprache: | Tschechisch |
| Veröffentlicht: |
Slušovice :
Softwarové noviny,
1991
|
| Ausgabe: | 1.vyd. |
| Schlagworte: | |
| Tags: |
Keine Tags, Fügen Sie das erste Tag hinzu!
|
MARC
| LEADER | 00000nam a22000003a 4500 | ||
|---|---|---|---|
| 001 | stu39591 | ||
| 005 | 20150408180726.3 | ||
| 008 | 930216s1991----cs------------------cze-d | ||
| 040 | |a STU |b slo | ||
| 041 | 0 | |a cze | |
| 044 | |a cs | ||
| 080 | |a 519.68(035) | ||
| 245 | |a MS Windows 3.0 : |b Příručka programátora. Část 2 | ||
| 250 | |a 1.vyd. | ||
| 260 | |a Slušovice : |b Softwarové noviny, |c 1991 | ||
| 300 | |a 368-702 s | ||
| 650 | 7 | |a Programovanie:MS Windows 3.0 |2 stusub | |
| 650 | 7 | |a príručky |2 stusub | |
| 650 | 7 | |a MS Windows |2 stusub | |
| 650 | 7 | |a programovanie |2 stusub | |
| 996 | |b 284M021042 |c M*7866/2-1 |l MMKN |s A |a 24 |w stu39591_0001 | ||